Statistics for 1 Minute Insane Flag Quiz! (1950)

Click here to take the quiz!

General Stats

  • This quiz has been taken 11 times
  • The average score is 5 of 8

Answer Stats

Answer% Correct
Italian Libya
88%
Soviet Union
88%
China
75%
Czechoslovakia
75%
East Germany
63%
Siam
50%
British Empire
13%
French guyane
13%

Score Distribution

Percentile by Number Answered

Percent of People with Each Score

Your Score History

You have not taken this quiz